000 00247nam a22001097a 4500
008 160506b xxu||||| |||| 00| 0 eng d
020 _a0716642026
041 _aeng
080 _a61
245 _aMedical encyclopedia:
_cYour Guide;
942 _2udc
_cBK
999 _c1846
_d1846